000
00284nam a2200109Ia 4500
008
220120s9999||||xx |||||||||||||| ||und||
100
_a
Mallesh, Adicherala
245
0
_a
Formal language automota theory
260
_a
Proffestional publication
300
_b
0
650
_a
GENERAL BOOKS
999
_c
136859
_d
136859